00455nam a2200109Ia 4500008004100000050002500041100002400066245008400090942000700174999001900181952014500200230915s9999 xx 000 0 und d aPE 1128.42.S33 1992  aScarcella, Robin C. 4aThe Tapestry of Language Learning The Individual in the Communicative Classroom cBK c174276d174276 00102lcc40708ARTSaKSULbKSULcDISPLAYd2025-06-05i51087l0oPE 1128.A2S33 1992p000000019105r2025-06-05 11:53:16tC.1w2025-06-05yBK